[Event "Vitoria Gasteiz op 1st"]
[Site "Vitoria Gasteiz"]
[Date "2025.07.02"]
[Round "4"]
[White "Panelo Munoz, Marcelo A"]
[Black "Bocos Delgado, Jon"]
[Result "1-0"]
[WhiteElo "2325"]
[BlackElo "2041"]
[PlyCount "55"]
[EventDate "2025.06.30"]
[EventType "swiss"]
[EventRounds "9"]
[EventCountry "ESP"]
[SourceTitle "CB28_2025"]
[SourceDate "2025.07.09"]
[SourceVersion "1"]
[SourceVersionDate "2025.07.09"]
[SourceQuality "1"]

1. e4 e5 2. Nf3 Nc6 3. Bb5 a6 4. Ba4 Nf6 5. d4 exd4 6. 0-0 b5 7. Bb3 Be7 8. e5 Ne4 9. Bd5 Nc5 10. Nxd4 Bb7 11. Nf5 Ne6 12. Bxe6 fxe6 13. Nxg7+ Kf7 14. Qh5+ Kg8 15. Rd1 Qf8 16. Nxe6 dxe6 17. Rd3 Bh4 18. Qg4+ Qg7 19. Qxe6+ Qf7 20. Qg4+ Qg7 21. Qxh4 Nxe5 22. Rg3 Ng6 23. Bh6 Qxb2 24. Qe7 Bd5 25. c3 Bf7 26. Qf6 Qc1+ 27. Bxc1 Re8 28. Re3 1-0

[Event "Iberoamerican-ch 10th"]
[Site "Linares"]
[Date "2024.09.30"]
[Round "8"]
[White "Bendayan Claros, Aaron Arturo"]
[Black "Panelo Munoz, Marcelo A"]
[Result "1-0"]
[WhiteElo "2200"]
[BlackElo "2364"]
[PlyCount "53"]
[EventDate "2024.09.25"]
[EventType "swiss"]
[EventRounds "9"]
[EventCountry "ESP"]
[SourceTitle "EXT 2025"]
[Source "ChessBase"]
[SourceDate "2024.10.14"]
[SourceVersion "1"]
[SourceVersionDate "2024.10.14"]
[SourceQuality "1"]

1. d4 Nf6 2. c4 e6 3. Nc3 Bb4 4. f3 c5 5. d5 exd5 6. cxd5 d6 7. e4 Nbd7 8. Nge2 0-0 9. Ng3 Ne5 10. Be2 a6 11. 0-0 b5 12. a4 Bd7 13. axb5 Bxc3 14. bxc3 axb5 15. Rxa8 Qxa8 16. Bg5 Kh8 17. Bxf6 gxf6 18. f4 Ng6 19. f5 Ne5 20. Qd2 Rg8 21. Qh6 Qf8 22. Qxf6+ Qg7 23. Qxd6 c4 24. Rf2 Re8 25. Nh5 Qg5 26. Nf6 Qc1+ 27. Bf1 1-0

[Event "Barcelona Sants op 25th"]
[Site "Barcelona"]
[Date "2024.08.25"]
[Round "3"]
[White "Panelo Munoz, Marcelo A"]
[Black "Alvarez Albiol, Victor"]
[Result "1/2-1/2"]
[WhiteElo "2373"]
[BlackElo "2118"]
[PlyCount "105"]
[EventDate "2024.08.23"]
[EventType "swiss"]
[EventRounds "10"]
[EventCountry "ESP"]
[SourceTitle "CBM 221 Extra"]
[Source "ChessBase"]
[SourceDate "2024.09.30"]
[SourceVersion "1"]
[SourceVersionDate "2024.09.30"]
[SourceQuality "1"]

1. Nf3 Nf6 2. g3 g6 3. Bg2 Bg7 4. 0-0 0-0 5. d4 d6 6. a4 a5 7. Nc3 d5 8. Ne5 c6 9. h3 Nfd7 10. Nxd7 Nxd7 11. e4 dxe4 12. Nxe4 e5 13. dxe5 Nxe5 14. Qxd8 Rxd8 15. Bg5 Rf8 16. Be7 Re8 17. Nf6+ Bxf6 18. Bxf6 Bf5 19. Rac1 Re6 20. Bg5 f6 21. Bd2 Rd6 22. Bc3 h5 23. Rfe1 Kf7 24. b3 b6 25. Bxe5 fxe5 26. Rxe5 Rad8 27. c3 c5 28. Bf1 Rd2 29. Kg2 Kf6 30. Re3 Rb2 31. Bc4 Rdd2 32. Rf3 Ke7 33. Re1+ Kd6 34. Rf4 Rb1 35. Rxb1 Bxb1 36. Rf6+ Kc7 37. g4 h4 38. Kf3 Rc2 39. Rf7+ Kd6 40. Kf4 Rxc3 41. f3 Bc2 42. Rf6+ Kc7 43. Bd5 Bxb3 44. Rc6+ Kd7 45. Be4 Bxa4 46. Rxb6 Bb3 47. Rxg6 a4 48. Ra6 Rc1 49. g5 Ra1 50. Ra7+ Kd6 51. Ra6+ Kd7 52. Ra7+ Kd6 53. Ra6+ 1/2-1/2

[Event "Oviedo op 10th"]
[Site "Oviedo"]
[Date "2024.08.08"]
[Round "5"]
[White "Malicka, Maria"]
[Black "Panelo Munoz, Marcelo A"]
[Result "1-0"]
[WhiteElo "2183"]
[BlackElo "2373"]
[PlyCount "70"]
[EventDate "2024.08.05"]
[EventType "swiss"]
[EventRounds "9"]
[EventCountry "ESP"]
[SourceTitle "CBM 221 Extra"]
[Source "ChessBase"]
[SourceDate "2024.09.30"]
[SourceVersion "1"]
[SourceVersionDate "2024.09.30"]
[SourceQuality "1"]

1. e4 c5 2. Nf3 d6 3. d4 cxd4 4. Nxd4 Nf6 5. Nc3 a6 6. Bg5 e6 7. f4 h6 8. Bh4 Qb6 9. a3 Nc6 10. Bf2 Qc7 11. Nxc6 Qxc6 12. Qf3 b5 13. Bd3 Bb7 14. 0-0 Be7 15. Rae1 Rc8 16. Qg3 g5 17. fxg5 hxg5 18. Bd4 Nh5 19. Qf2 f6 20. Be3 Nf4 21. Ne2 Nxe2+ 22. Qxe2 d5 23. exd5 Qxd5 24. Bg6+ Kf8 25. Ba7 Rc4 26. Rd1 Qc6 27. Bb8 Qb6+ 28. Kh1 Rch4 29. Bg3 R4h6 30. Be4 Rxh2+ 31. Bxh2 Bd6 32. Rxd6 Qxd6 33. g3 Bxe4+ 34. Qxe4 Qxg3 35. Rxf6+ Ke8 1-0

[Event "Oviedo op 10th"]
[Site "Oviedo"]
[Date "2024.08.06"]
[Round "2"]
[White "Panelo Munoz, Marcelo A"]
[Black "Siscar Conill, Aitor"]
[Result "1-0"]
[WhiteElo "2373"]
[BlackElo "1962"]
[PlyCount "77"]
[EventDate "2024.08.05"]
[EventType "swiss"]
[EventRounds "9"]
[EventCountry "ESP"]
[SourceTitle "CBM 221 Extra"]
[Source "ChessBase"]
[SourceDate "2024.09.30"]
[SourceVersion "1"]
[SourceVersionDate "2024.09.30"]
[SourceQuality "1"]

1. Nf3 Nf6 2. c4 e6 3. Nc3 b6 4. e4 Bb7 5. Qe2 d6 6. d4 Be7 7. g3 0-0 8. d5 exd5 9. cxd5 Ba6 10. Qc2 Bxf1 11. Kxf1 Nfd7 12. Kg2 Na6 13. a3 Nac5 14. b4 Nb7 15. Nb5 a6 16. Nbd4 Bf6 17. Bb2 Rc8 18. Rac1 Qe8 19. Qe2 b5 20. a4 Nb6 21. axb5 axb5 22. Ba1 Bxd4 23. Nxd4 f5 24. f3 Nd8 25. Nxb5 Nxd5 26. Nxd6 cxd6 27. Rxc8 fxe4 28. fxe4 Nf4+ 29. gxf4 Qg6+ 30. Kh3 Qh6+ 31. Kg2 Qg6+ 32. Kf3 Qh5+ 33. Kf2 Qh4+ 34. Kg2 Rxf4 35. Rf1 Rxf1 36. Kxf1 Qh3+ 37. Qg2 Qd3+ 38. Kf2 Qd2+ 39. Kf3 1-0

[Event "Zahara de la Sierra 3rd"]
[Site "Zahara de la Sierra"]
[Date "2024.03.30"]
[Round "8"]
[White "Balbuena Fuentes, Mario"]
[Black "Panelo Munoz, Marcelo A"]
[Result "0-1"]
[WhiteElo "2307"]
[BlackElo "2366"]
[PlyCount "92"]
[EventDate "2024.03.27"]
[EventType "tourn"]
[EventRounds "9"]
[EventCountry "ESP"]
[SourceTitle "CBM 219 Extra"]
[Source "ChessBase"]
[SourceDate "2024.05.31"]
[SourceVersion "1"]
[SourceVersionDate "2024.05.31"]
[SourceQuality "1"]

1. e4 c5 2. Nc3 d6 3. d4 cxd4 4. Qxd4 Nc6 5. Qd2 Nf6 6. b3 e5 7. Bb2 Be7 8. 0-0-0 0-0 9. Kb1 a6 10. f3 Be6 11. g4 Rc8 12. h4 Nd4 13. Bd3 Nd7 14. Nce2 Nxe2 15. Nxe2 Bxh4 16. g5 Bxg5 17. f4 exf4 18. e5 h6 19. exd6 Nc5 20. Nxf4 Nxd3 21. Qxd3 Bxf4 22. Qd4 Qf6 23. Qxf6 gxf6 24. Bxf6 Bf5 25. Rdg1+ Bg6 26. d7 Rcd8 27. Rg4 Be3 28. Rg3 Bd2 29. Bxd8 Rxd8 30. Rd1 Bg5 31. Rc3 Kf8 32. Rc7 Be4 33. a4 Ke7 34. Re1 Kd6 35. Rc4 Bc6 36. Rf1 f6 37. Kb2 Rxd7 38. Ka3 h5 39. b4 h4 40. Rc3 Rh7 41. Rd1+ Ke6 42. Re1+ Kf5 43. b5 axb5 44. axb5 Bg2 45. b6 h3 46. Rc7 Rh8 0-1

[Event "Zahara de la Sierra 3rd"]
[Site "Zahara de la Sierra"]
[Date "2024.03.29"]
[Round "6"]
[White "Panelo Munoz, Marcelo A"]
[Black "Moral Garcia, Serafin"]
[Result "1/2-1/2"]
[WhiteElo "2366"]
[BlackElo "2223"]
[PlyCount "194"]
[EventDate "2024.03.27"]
[EventType "tourn"]
[EventRounds "9"]
[EventCountry "ESP"]
[SourceTitle "CBM 219 Extra"]
[Source "ChessBase"]
[SourceDate "2024.05.31"]
[SourceVersion "1"]
[SourceVersionDate "2024.05.31"]
[SourceQuality "1"]

1. e4 c5 2. Nc3 e6 3. f4 d5 4. Nf3 Nc6 5. exd5 exd5 6. Bb5 Nf6 7. Ne5 Bd7 8. 0-0 Be7 9. Bxc6 Bxc6 10. Nxc6 bxc6 11. b3 0-0 12. Bb2 Re8 13. Kh1 Bf8 14. Qf3 d4 15. Na4 Qd5 16. Qxd5 cxd5 17. Rae1 Ne4 18. d3 Nf2+ 19. Kg1 Ng4 20. Rxe8 Rxe8 21. h3 Nf6 22. Kf2 Bd6 23. Re1 Re6 24. Rxe6 fxe6 25. Kf3 Kf7 26. b4 Nd7 27. bxc5 Nxc5 28. Nxc5 Bxc5 29. Bc1 g6 30. Bd2 h5 31. Ba5 Bd6 32. Bd8 e5 33. fxe5 Bxe5 34. g4 Ke6 35. Bg5 Bd6 36. Bc1 Be5 37. Bh6 Kf6 38. Bf8 Ke6 39. Bc5 a6 40. Bb4 Kf6 41. Bd2 Ke6 42. Bg5 Bg7 43. Kg3 hxg4 44. Kxg4 Bf8 45. Bd8 Bh6 46. Bb6 Ke5 47. Bc5 Bd2 48. Bb6 Bc1 49. Bc7+ Kf6 50. Bg3 Bd2 51. Bc7 Bc1 52. Bd8+ Ke6 53. Bg5 Ba3 54. Bd2 Be7 55. Bf4 Bf6 56. Bg3 Be7 57. Bf2 Bf6 58. Bg1 Ke5 59. Bf2 Ke6 60. Kf4 Kd6 61. Be1 Ke6 62. Bb4 Bd8 63. Bc5 Bf6 64. Ba7 Kd6 65. Bb8+ Ke6 66. Bc7 Be7 67. Kg4 Bf6 68. Bf4 Be7 69. Bg5 Bf8 70. h4 Bb4 71. Bh6 Kf6 72. Bg5+ Ke6 73. Bh6 Kf6 74. Bc1 Bc5 75. Bb2 Bb6 76. Ba3 Bd8 77. Bb4 Ke5 78. Be1 Bf6 79. Bf2 Be7 80. Bg3+ Ke6 81. Bf4 Bf6 82. Bh6 Be5 83. Bg5 Bg7 84. Bd8 Bh6 85. Bb6 Ke5 86. Bd8 Ke6 87. Bb6 Ke5 88. Ba7 Bd2 89. Bb8+ Kf6 90. Bf4 Ba5 91. Bc1 Bc7 92. Bb2 Be5 93. Ba1 Kf7 94. Bb2 Ke6 95. Kg5 Kf7 96. Bc1 Bf6+ 97. Kg4 Ke6 1/2-1/2

[Event "Gijon op 1st"]
[Site "Gijon"]
[Date "2023.06.26"]
[Round "1"]
[White "Villarroya Pique, Gerard"]
[Black "Panelo Munoz, Marcelo A"]
[Result "0-1"]
[WhiteElo "1704"]
[BlackElo "2366"]
[PlyCount "82"]
[EventDate "2023.06.26"]
[EventType "swiss"]
[EventRounds "9"]
[EventCountry "ESP"]
[SourceTitle "EXT 2024"]
[Source "ChessBase"]
[SourceDate "2023.10.10"]
[SourceVersion "1"]
[SourceVersionDate "2023.10.10"]
[SourceQuality "1"]

1. d4 Nf6 2. c4 e6 3. Nf3 Bb4+ 4. Bd2 Qe7 5. Nc3 0-0 6. g3 d5 7. Bg2 dxc4 8. 0-0 Rd8 9. a3 Ba5 10. Qa4 Nc6 11. Qxc4 e5 12. dxe5 Nxe5 13. Qf4 Nxf3+ 14. Bxf3 Bb6 15. Rad1 h6 16. Bc1 Rxd1 17. Rxd1 c6 18. b4 g5 19. Qd2 Ng4 20. e3 Ne5 21. Be2 Be6 22. Ne4 Bd5 23. Qc2 Qe6 24. Bb2 Qf5 25. Bg4 Nxg4 26. Nf6+ Qxf6 27. Bxf6 Nxf6 28. Qf5 Kg7 29. g4 Re8 30. Qd3 Nxg4 31. a4 Ne5 32. Qc3 f6 33. b5 Nf3+ 34. Kg2 Ne5+ 35. Kg1 Bf3 36. Rd2 cxb5 37. axb5 Bg4 38. Rd6 Rc8 39. Qb3 Rc1+ 40. Kg2 Bf3+ 41. Kh3 Rg1 0-1